Manufacturing processes : (Record no. 164493)
[ view plain ]
| 000 -LEADER | |
|---|---|
| fixed length control field | 00969cam9a220027700 4500 |
| 001 - CONTROL NUMBER | |
| control field | qce00852112 |
| 005 - DATE AND TIME OF LATEST TRANSACTION | |
| control field | 20190826102544.0 |
| 008 - FIXED-LENGTH DATA ELEMENTS--GENERAL INFORMATION | |
| fixed length control field | 730822s1962 ilu 000 0 eng u |
| 010 ## - LIBRARY OF CONGRESS CONTROL NUMBER | |
| LC control number | 61018823 |
| 035 ## - SYSTEM CONTROL NUMBER | |
| System control number | (Sirsi) r61743 |
| 035 ## - SYSTEM CONTROL NUMBER | |
| System control number | (QCAT)lss00459280 |
| 035 ## - SYSTEM CONTROL NUMBER | |
| System control number | (UPRA)qce00852112 |
| 040 ## - CATALOGING SOURCE | |
| Modifying agency | UPRA |
| 050 0# - LIBRARY OF CONGRESS CALL NUMBER | |
| Classification number | TS205 |
| Item number | .R83 |
| 100 1# - MAIN ENTRY--PERSONAL NAME | |
| Personal name | Rusinoff, S. E. (Samuel Eugene), 1894- |
| Fuller form of name | Rusinoff, S. E. (Samuel Eugene), 1894- |
| Dates associated with a name | Rusinoff, S. E. (Samuel Eugene), 1894- |
| Linkage | A19344.1 |
| 245 10 - TITLE STATEMENT | |
| Title | Manufacturing processes : |
| Remainder of title | materials and production. |
| 250 ## - EDITION STATEMENT | |
| Edition statement | [Rev.]. |
| 260 ## - PUBLICATION, DISTRIBUTION, ETC. | |
| Place of publication, distribution, etc. | Chicago : |
| Name of publisher, distributor, etc. | American Technical Society, |
| Date of publication, distribution, etc. | [1962] |
| 500 ## - GENERAL NOTE | |
| General note | Additional imprint on pasted label: London, The Technical Press. |
| 504 ## - BIBLIOGRAPHY, ETC. NOTE | |
| Bibliography, etc. note | Includes bibliographical references. |
| 650 #0 - SUBJECT ADDED ENTRY--TOPICAL TERM | |
| Topical term or geographic name entry element | Metal-work. |
| Linkage | S820.1 |
| 650 #0 - SUBJECT ADDED ENTRY--TOPICAL TERM | |
| Topical term or geographic name entry element | Plastics. |
| Linkage | S5050.1 |
| 650 #0 - SUBJECT ADDED ENTRY--TOPICAL TERM | |
| Topical term or geographic name entry element | Machine-shop practice. |
| Linkage | S14013.1 |
| 949 ## - LOCAL PROCESSING INFORMATION (OCLC) | |
| a | TS205 |
| w | lcc |
| i | -81373 |
| m | MAIN |
| t | BOOK |
| l | ON-SHELF |
No items available.